[Event "HZ Chess Tournament 2023"]
[Site "Vlissingen, Netherlands"]
[Date "2023.08.10"]
[Round "7.16"]
[White "Arnold, Rhys"]
[Black "Grutter, Tim"]
[Result "1/2-1/2"]
[WhiteElo "2098"]
[BlackElo "2349"]
[PlyCount "82"]

1. e4 c5 2. Nf3 d6 3. Bb5+ Nd7 4. c4 Ngf6 5. Nc3 g6 6. d3 Bg7 7. O-O O-O 8. Ba4
Ne5 9. Nxe5 dxe5 10. Be3 b6 11. h3 Nh5 12. Qd2 Qd6 13. Nb5 Qb8 14. b4 a6 15.
Nc3 Qd6 16. bxc5 bxc5 17. Rab1 e6 18. Ne2 Qc7 19. Rfd1 f5 20. f3 Rd8 21. Qc1
Bd7 22. Bxd7 Rxd7 23. g4 Nf6 24. Qc2 Rad8 25. Nc3 Rf7 26. Qa4 Rd6 27. Qa3 Nd7
28. Kg2 Bf8 29. Qb2 Qd8 30. Qe2 h5 31. Rg1 Nf6 32. gxf5 gxf5 33. Rbd1 Rdd7 34.
Kh2+ Rg7 35. Bh6 Rxg1 36. Rxg1+ Kf7 37. Bxf8 Qxf8 38. exf5 exf5 39. Qxe5 Qd6
40. Qxd6 Rxd6 41. Rd1 h4 1/2-1/2

[Event "HZ Chess Tournament 2023"]
[Site "Vlissingen, Netherlands"]
[Date "2023.08.10"]
[Round "7.17"]
[White "Romkes, Abel"]
[Black "Rodriguez Fontecha, Marcos"]
[Result "1/2-1/2"]
[WhiteElo "2064"]
[BlackElo "2309"]
[PlyCount "79"]

1. d4 d5 2. c4 Nc6 3. Nc3 Nf6 4. Nf3 dxc4 5. e4 Bg4 6. Bxc4 e6 7. Bb5 Bxf3 8.
gxf3 a6 9. Bxc6+ bxc6 10. Qa4 Qd7 11. Rg1 g6 12. Be3 Be7 13. Rc1 O-O 14. Nd1 c5
15. Qxd7 Nxd7 16. dxc5 f5 17. c6 Ne5 18. Ke2 Rad8 19. b3 f4 20. Ba7 Bb4 21. Rc2
Rd6 22. Nb2 Rfd8 23. Nc4 Nxc4 24. Rxc4 Rd2+ 25. Kf1 a5 26. Rg4 Rxa2 27. Rxf4
Be7 28. e5 Rb2 29. Rfd4 Rd5 30. Bb6 Bd8 31. Bxa5 Rxb3 32. Rxd5 exd5 33. Rb4
Rxb4 34. Bxb4 Kf7 35. Ke2 Ke6 36. Bc3 Bg5 37. Ba5 Bd8 38. Bc3 Bg5 39. Ba5 Bd8
40. Bc3 1/2-1/2

[Event "HZ Chess Tournament 2023"]
[Site "Vlissingen, Netherlands"]
[Date "2023.08.10"]
[Round "7.18"]
[White "Grochal, Joey"]
[Black "Van Batenburg, Mees"]
[Result "1/2-1/2"]
[WhiteElo "2280"]
[BlackElo "2080"]
[PlyCount "50"]

1. d4 f5 2. Nf3 e6 3. g3 Nf6 4. Bg2 Be7 5. O-O O-O 6. c4 d6 7. Nc3 Ne4 8. Nxe4
fxe4 9. Nd2 d5 10. f3 Nc6 11. fxe4 Rxf1+ 12. Kxf1 dxc4 13. Nf3 b5 14. Be3 Bb7
15. b3 Na5 16. Qc2 c5 17. dxc5 Qf8 18. Rb1 b4 19. Bh3 c3 20. Bxe6+ Kh8 21. Kg2
Bxc5 22. Ne5 Bxe3 23. Rf1 Qe7 24. Nf7+ Kg8 25. Nh6+ Kh8 1/2-1/2

[Event "HZ Chess Tournament 2023"]
[Site "Vlissingen, Netherlands"]
[Date "2023.08.10"]
[Round "7.19"]
[White "Labruyere, Roger"]
[Black "Manshanden, Nick"]
[Result "1/2-1/2"]
[WhiteElo "2207"]
[BlackElo "2040"]
[PlyCount "115"]

1. e4 e5 2. Nf3 Nc6 3. Bc4 Nf6 4. d3 Bc5 5. c3 d6 6. Bb3 a5 7. h3 h6 8. Nbd2
Be6 9. Bc2 O-O 10. Nf1 d5 11. Qe2 b5 12. Ng3 dxe4 13. Nxe4 Nxe4 14. Qxe4 Bd5
15. Qe2 Re8 16. O-O e4 17. Ne1 exd3 18. Qxd3 Be4 19. Qxb5 Qd5 20. Qb3 Qf5 21.
Bxe4 Rxe4 22. Nf3 Rb8 23. Qc2 Qe6 24. Bd2 Re2 25. Qd3 Rd8 26. Qb5 Rd5 27. Qc4
Re4 28. Qb3 a4 29. Qc2 Re2 30. Rae1 Ne5 31. Nd4 Bxd4 32. Rxe2 Nf3+ 33. gxf3
Qxe2 34. Qxa4 Qxd2 35. Qe8+ Kh7 36. cxd4 Rg5+ 37. Kh1 Qxb2 38. Qxf7 Qxd4 39.
Qe6 Re5 40. Qg4 Qxg4 41. fxg4 Re2 42. a4 Ra2 43. Rc1 Rxf2 44. Rxc7 Ra2 45. Rc4
Kg6 46. h4 Kf6 47. Kg1 g5 48. h5 Ke5 49. Kf1 Kd5 50. Rb4 Kc5 51. Rb5+ Kc6 52.
Ra5 Kb6 53. Ra8 Kb7 54. Rh8 Rxa4 55. Rxh6 Rxg4 56. Kf2 Kc7 57. Kf3 Rh4 58. Rg6
1/2-1/2

[Event "HZ Chess Tournament 2023"]
[Site "Vlissingen, Netherlands"]
[Date "2023.08.10"]
[Round "7.20"]
[White "Tiggelman, Rene"]
[Black "Bakker, Jouke"]
[Result "0-1"]
[WhiteElo "2201"]
[BlackElo "2051"]
[PlyCount "52"]

1. d4 d5 2. Nf3 Nf6 3. c4 c6 4. cxd5 cxd5 5. Nc3 Nc6 6. Bf4 a6 7. Rc1 Nh5 8.
Bd2 e6 9. e3 Nf6 10. Ne5 Nxe5 11. dxe5 Nd7 12. f4 b5 13. Be2 Qb6 14. Bf3 g5 15.
Bxd5 Rb8 16. Qf3 g4 17. Qxg4 Nc5 18. Qe2 b4 19. Ne4 exd5 20. Nf6+ Kd8 21. Nxd5
Qb5 22. Qxb5 Rxb5 23. O-O Nd3 24. Nc7 Rb7 25. Nxa6 Nxc1 26. Rxc1 Rd7 0-1

[Event "HZ Chess Tournament 2023"]
[Site "Vlissingen, Netherlands"]
[Date "2023.08.10"]
[Round "7.21"]
[White "Kindt, Manfred"]
[Black "Provoost, Simon"]
[Result "0-1"]
[WhiteElo "2045"]
[BlackElo "2198"]
[PlyCount "64"]

1. e4 c6 2. d4 d5 3. e5 c5 4. Nf3 cxd4 5. Qxd4 Nc6 6. Qf4 e6 7. Bd3 Nb4 8. O-O
Nxd3 9. cxd3 Ne7 10. Ng5 Nf5 11. Nxf7 Kxf7 12. g4 g6 13. gxf5 gxf5 14. d4 Rg8+
15. Kh1 Rg4 16. Qf3 Qh4 17. Be3 Qh5 18. Nd2 Bd7 19. Rg1 Rc8 20. Rg3 Rc2 21.
Rag1 Rh4 22. Qxh5+ Rxh5 23. f4 Rxb2 24. Rb1 Rxb1+ 25. Nxb1 Bb5 26. Bc1 Rh4 27.
Rb3 Ba6 28. Nc3 Bh6 29. Nb5 Bxb5 30. Rxb5 b6 31. a4 Bxf4 32. Bxf4 Rxf4 0-1

[Event "HZ Chess Tournament 2023"]
[Site "Vlissingen, Netherlands"]
[Date "2023.08.10"]
[Round "7.22"]
[White "Song, Ethan"]
[Black "Honkoop, Gilian"]
[Result "0-1"]
[WhiteElo "2025"]
[BlackElo "2183"]
[PlyCount "174"]

1. e4 c5 2. Nf3 d6 3. Bb5+ Nd7 4. O-O a6 5. Bxd7+ Bxd7 6. Re1 Nf6 7. c3 Bc6 8.
d3 e6 9. Bg5 Be7 10. Nbd2 h6 11. Bxf6 Bxf6 12. Qe2 O-O 13. Rad1 Qc7 14. Qe3
Rfd8 15. Nf1 b5 16. Ng3 Rab8 17. Nh5 Be7 18. d4 cxd4 19. Nxd4 Kh7 20. Nxc6 Qxc6
21. Qf4 Rf8 22. Rd3 e5 23. Qf3 b4 24. b3 f5 25. c4 f4 26. Nxg7 Kxg7 27. Qg4+
Kh7 28. Rd5 Rf6 29. Red1 Rg8 30. Qf3 Bd8 31. c5 Be7 32. cxd6 Rxd6 33. Rxe5
Rxd1+ 34. Qxd1 Bf6 35. Rd5 Rd8 36. g3 Rxd5 37. exd5 Qd6 38. Qd3+ Kg7 39. Kg2
fxg3 40. hxg3 Bc3 41. Qf5 Be5 42. Qe4 Kf7 43. Kg1 Bc3 44. Kg2 Qf6 45. Qh7+ Ke8
46. Qc7 h5 47. d6 Qd8 48. Qc6+ Qd7 49. Qxa6 h4 50. Qa8+ Kf7 51. Qd5+ Qe6 52.
Qh5+ Kf8 53. Qf3+ Kg7 54. Qb7+ Kf6 55. gxh4 Qg4+ 56. Kf1 Qh3+ 57. Kg1 Qg4+ 58.
Kf1 Qd1+ 59. Kg2 Qxd6 60. Qf3+ Ke6 61. Qe4+ Qe5 62. Qc6+ Kf5 63. Qf3+ Qf4 64.
Qh5+ Ke6 65. Qe2+ Qe5 66. Qa6+ Kf5 67. Qc8+ Kf4 68. h5 Qd5+ 69. Kg1 Qd1+ 70.
Kg2 Qg4+ 71. Qxg4+ Kxg4 72. h6 Kg5 73. h7 Kg6 74. Kf3 Kxh7 75. Ke4 Bb2 76. Kf5
Kg7 77. Ke6 Bc1 78. Kd5 Kf6 79. Kc5 Ba3 80. Kd4 Kf5 81. Ke3 Ke5 82. Kd3 Kf4 83.
Ke2 Ke4 84. Kd2 Kf3 85. Ke1 Bb2 86. Kf1 Bc3 87. Kg1 Bd4 0-1

[Event "HZ Chess Tournament 2023"]
[Site "Vlissingen, Netherlands"]
[Date "2023.08.10"]
[Round "7.23"]
[White "Van Baar, Esper"]
[Black "Bier, Bela"]
[Result "1-0"]
[WhiteElo "2179"]
[BlackElo "2008"]
[PlyCount "66"]

1. e4 c6 2. d4 d5 3. e5 Bf5 4. h4 h6 5. Nd2 c5 6. dxc5 Nc6 7. Ngf3 e6 8. Nb3
Bxc5 9. Nxc5 Qa5+ 10. c3 Qxc5 11. Be3 Qa5 12. Qb3 Nge7 13. Nd4 Nxd4 14. Bxd4
Qc7 15. Bb5+ Nc6 16. Qa3 f6 17. exf6 gxf6 18. Bxf6 Rg8 19. Rg1 Kf7 20. Bxc6
Kxf6 21. Bb5 Qh2 22. O-O-O Rxg2 23. Rxg2 Qxg2 24. Qc5 Qe4 25. Bd3 Qf4+ 26. Kc2
b6 27. Qc6 Qxf2+ 28. Kb3 Bxd3 29. Rxd3 Rg8 30. Qd6 Rg2 31. Rf3+ Qxf3 32. Qf8+
Ke5 33. Qxf3 Rg6 1-0

[Event "HZ Chess Tournament 2023"]
[Site "Vlissingen, Netherlands"]
[Date "2023.08.10"]
[Round "7.24"]
[White "Weber, Dirk"]
[Black "Tibke, Jonas"]
[Result "0-1"]
[WhiteElo "2151"]
[BlackElo "1996"]
[PlyCount "108"]

1. e4 c6 2. d4 d5 3. exd5 cxd5 4. Bd3 Nc6 5. c3 Nf6 6. Bf4 Qb6 7. Qb3 Qxb3 8.
axb3 Bg4 9. b4 g6 10. Na3 a6 11. Nc2 Rc8 12. Ne3 Bg7 13. Be5 Be6 14. Nf3 Nxe5
15. Nxe5 Nd7 16. Nf3 Nb6 17. O-O O-O 18. Ra5 h6 19. b5 axb5 20. Rxb5 Rc6 21.
Ra1 Rd6 22. Nd2 Bd7 23. Rb4 Rc8 24. f4 h5 25. g3 Bf6 26. h4 Rc7 27. Nf3 e6 28.
Ne5 Kg7 29. Ra5 Rc8 30. Nxd7 Nxd7 31. Rxb7 Rb8 32. Rab5 Rxb7 33. Rxb7 Nb6 34.
Kf2 Na4 35. Rb4 Nb6 36. Nf1 Be7 37. Nd2 Rc6 38. Rb3 Bd8 39. Nf3 Nc4 40. Bxc4
Rxc4 41. Rb7 Rc7 42. Rxc7 Bxc7 43. Ke2 f6 44. Kd3 Kf7 45. Kc2 Ke7 46. Kb3 Kd7
47. Ka4 Kc6 48. Ne1 e5 49. Nd3 e4 50. Nb4+ Kd6 51. Nc2 Ke6 52. Ne3 g5 53. f5+
Kf7 54. Nf1 Bxg3 0-1

[Event "HZ Chess Tournament 2023"]
[Site "Vlissingen, Netherlands"]
[Date "2023.08.10"]
[Round "7.25"]
[White "Verwoert, Jef"]
[Black "Boelhouwer, Collin"]
[Result "1-0"]
[WhiteElo "2023"]
[BlackElo "2134"]
[PlyCount "65"]

1. d4 Nf6 2. e3 d5 3. f4 c5 4. Nf3 Nc6 5. Be2 Bf5 6. O-O e6 7. Ne5 Qb6 8. Nxc6
bxc6 9. Nc3 Be7 10. b3 cxd4 11. exd4 O-O 12. Na4 Qc7 13. g4 Be4 14. Nc3 c5 15.
g5 Nd7 16. Nxe4 dxe4 17. d5 Nb6 18. dxe6 fxe6 19. c4 Bd6 20. Bg4 Bxf4 21. Bxe6+
Kh8 22. Bxf4 Rxf4 23. Qe2 Raf8 24. Qxe4 Qd6 25. Rxf4 Rxf4 26. Qe3 g6 27. Rf1
Rd4 28. Bd5 Rg4+ 29. Kh1 Qb8 30. Qe7 Rf4 31. Rxf4 Qxf4 32. Qe8+ Kg7 33. Qg8#
1-0

[Event "HZ Chess Tournament 2023"]
[Site "Vlissingen, Netherlands"]
[Date "2023.08.10"]
[Round "7.26"]
[White "Woltery, Nicolai"]
[Black "Vandevenne, Sander"]
[Result "1-0"]
[WhiteElo "1894"]
[BlackElo "2125"]
[PlyCount "73"]

1. c4 Nf6 2. Nc3 c5 3. g3 Nc6 4. Bg2 e6 5. Nf3 a6 6. O-O Be7 7. d4 cxd4 8. Nxd4
O-O 9. e4 Qc7 10. b3 Rd8 11. Be3 d6 12. Rc1 Nxd4 13. Bxd4 Bd7 14. Qe2 Qa5 15.
Rfd1 Bc6 16. b4 Qh5 17. Bf3 Qh3 18. b5 axb5 19. cxb5 Be8 20. Bb6 Rd7 21. e5
dxe5 22. Rxd7 Bxd7 23. Bxb7 Rb8 24. Bg2 Qh6 25. Be3 Qg6 26. b6 Ng4 27. b7 f5
28. Ba7 Qh6 29. Rd1 Qxh2+ 30. Kf1 Rxb7 31. Bxb7 e4 32. Bxe4 fxe4 33. Qxg4 Bc8
34. a4 Qh1+ 35. Ke2 Qg2 36. Bd4 g6 37. Qxe4 1-0

[Event "HZ Chess Tournament 2023"]
[Site "Vlissingen, Netherlands"]
[Date "2023.08.10"]
[Round "7.27"]
[White "Kliashtornyi, Arkadii"]
[Black "Finkenflugel, Renzo"]
[Result "1-0"]
[WhiteElo "1975"]
[BlackElo "2113"]
[PlyCount "51"]

1. d4 f5 2. Nf3 e6 3. g3 Nf6 4. Bg2 Be7 5. O-O O-O 6. c4 d6 7. Nc3 Ne4 8. Qb3
Nc6 9. e3 Bf6 10. Nxe4 fxe4 11. Nd2 d5 12. cxd5 exd5 13. Bxe4 Ne7 14. Bg2 Kh8
15. Qc3 c6 16. b4 Be6 17. Bb2 Nf5 18. Nb3 Nd6 19. Nc5 Bc8 20. a4 a6 21. Rad1
Re8 22. Rfe1 Ne4 23. Qb3 b6 24. Nd3 Be6 25. Nf4 Bg8 26. Qc2 1-0

[Event "HZ Chess Tournament 2023"]
[Site "Vlissingen, Netherlands"]
[Date "2023.08.10"]
[Round "7.28"]
[White "Rijnaarts, Sjef"]
[Black "Verweij, David"]
[Result "0-1"]
[WhiteElo "2299"]
[BlackElo "1931"]
[PlyCount "140"]

1. e4 e5 2. Nf3 Nc6 3. Bb5 a6 4. Ba4 Nf6 5. O-O d6 6. c3 Bd7 7. d4 g6 8. Re1
Bg7 9. Nbd2 O-O 10. h3 b5 11. Bc2 h6 12. Nf1 Nh7 13. Ng3 Qe8 14. d5 Ne7 15. a4
Rc8 16. b3 f5 17. exf5 gxf5 18. Bb2 Kh8 19. c4 bxc4 20. bxc4 Rg8 21. c5 Rb8 22.
Ba3 Qg6 23. Rc1 Bf8 24. c6 Bc8 25. Rb1 Rxb1 26. Qxb1 Nf6 27. Nh4 Qg5 28. Nhxf5
Nxf5 29. Bc1 Qg6 30. Bxf5 Bxf5 31. Qxf5 Nxd5 32. Qxg6 Rxg6 33. Bd2 Kg7 34. Ba5
Kf6 35. Rb1 Ke6 36. Rb7 Rg7 37. Ra7 Rf7 38. Ne2 Kf5 39. Rxa6 Ke4 40. Ra7 Kd3
41. Ng3 Kc4 42. Ne4 Kd3 43. f3 Rg7 44. Bd2 Ne3 45. Bxe3 Kxe3 46. Nf6 Kd4 47.
Ne8 Re7 48. Nxd6 Kd5 49. Nf5 Rf7 50. Ra5+ Bc5+ 51. Ne3+ Kxc6 52. Kf2 e4 53. f4
Rxf4+ 54. Ke2 Rf8 55. Ng4 Rb8 56. Rb5 Ra8 57. Ne5+ Kd6 58. a5 h5 59. Nd7 Bd4
60. Rxh5 Rd8 61. Rh4 Rxd7 62. Rxe4 Kd5 63. Rh4 c5 64. Rh5+ Kc4 65. g4 Ra7 66.
g5 Rxa5 67. g6 Ra2+ 68. Kf3 Kd3 69. Rh7 Rf2+ 70. Kg4 c4 0-1

[Event "HZ Chess Tournament 2023"]
[Site "Vlissingen, Netherlands"]
[Date "2023.08.10"]
[Round "7.30"]
[White "Krasenkowa, Elena"]
[Black "Groen, Jari"]
[Result "0-1"]
[WhiteElo "2137"]
[BlackElo "1961"]
[PlyCount "44"]

1. d4 d5 2. Bf4 c5 3. e3 Nc6 4. c3 Qb6 5. Qc2 e5 6. dxe5 Bf5 7. Qb3 g5 8. Bxg5
Bg7 9. f4 f6 10. exf6 Nxf6 11. Be2 O-O-O 12. Qxb6 axb6 13. Nd2 d4 14. cxd4 cxd4
15. Bxf6 Bxf6 16. e4 d3 17. Bf3 Nb4 18. Kd1 Nc2 19. Rc1 Rhe8 20. g4 Kb8 21.
gxf5 Ne3+ 22. Ke1 Bh4# 0-1

[Event "HZ Chess Tournament 2023"]
[Site "Vlissingen, Netherlands"]
[Date "2023.08.10"]
[Round "7.31"]
[White "Maters, Arthur"]
[Black "Westerweele, Henrik"]
[Result "1-0"]
[WhiteElo "2131"]
[BlackElo "1948"]
[PlyCount "69"]

1. d4 e6 2. Nc3 Bb4 3. Qd3 d5 4. Bf4 Nf6 5. O-O-O c6 6. a3 Be7 7. e4 dxe4 8.
Nxe4 Nxe4 9. Qxe4 Qd5 10. Qe3 Nd7 11. Ne2 Nf6 12. Nc3 Qa5 13. h4 Nd5 14. Nxd5
exd5 15. Qg3 Rg8 16. Bd3 f5 17. Rhe1 Kf7 18. Bg5 Bf6 19. Qf3 Bxg5+ 20. hxg5 g6
21. Rh1 Rh8 22. Rh6 Qd8 23. Qg3 Bd7 24. Rdh1 Kg8 25. Qh4 Kf8 26. Rxh7 Rxh7 27.
Qxh7 Qxg5+ 28. f4 Qxg2 29. Qh8+ Ke7 30. Rh7+ Kd6 31. Qxa8 Qg1+ 32. Kd2 Qxd4 33.
Qf8+ Kc7 34. Qb4 Qf2+ 35. Kc3 1-0

[Event "HZ Chess Tournament 2023"]
[Site "Vlissingen, Netherlands"]
[Date "2023.08.10"]
[Round "7.32"]
[White "Van t Hoff, Tom"]
[Black "Hekhuis, Jeroen"]
[Result "1/2-1/2"]
[WhiteElo "1936"]
[BlackElo "2123"]
[PlyCount "83"]

1. e4 c5 2. Nf3 Nc6 3. c3 g6 4. d4 cxd4 5. cxd4 Bg7 6. Nc3 d6 7. Be2 Nf6 8. h3
O-O 9. O-O d5 10. e5 Ne4 11. Be3 Nxc3 12. bxc3 Na5 13. Qd2 Qc7 14. Bh6 f6 15.
Bxg7 Kxg7 16. exf6+ exf6 17. Ne1 Re8 18. Nc2 Be6 19. Ne3 a6 20. Bf3 Nc4 21.
Nxc4 Qxc4 22. a4 Rac8 23. Rfc1 Re7 24. a5 Bf5 25. Re1 Rce8 26. Rxe7+ Rxe7 27.
Re1 Rxe1+ 28. Qxe1 Kf7 29. Qc1 Be6 30. Qh6 Kg8 31. Qf4 Qxc3 32. Qxf6 Qc1+ 33.
Kh2 Qc7+ 34. g3 Bf7 35. h4 Qxa5 36. h5 Qd2 37. Kg2 Qh6 38. Qb6 Qg7 39. h6 Qxh6
40. Qxb7 Qg5 41. Qxa6 h5 42. Qc8+ 1/2-1/2

[Event "HZ Chess Tournament 2023"]
[Site "Vlissingen, Netherlands"]
[Date "2023.08.10"]
[Round "7.33"]
[White "Klein, Jorik"]
[Black "Verduyn, Frederic"]
[Result "1/2-1/2"]
[WhiteElo "1927"]
[BlackElo "2119"]
[PlyCount "81"]

1. e4 e5 2. Nf3 Nc6 3. Bc4 Nf6 4. d3 h6 5. c3 d6 6. Nbd2 g6 7. O-O Bg7 8. Re1
O-O 9. Nf1 Na5 10. Bb5 a6 11. Ba4 b5 12. Bc2 c5 13. d4 Qc7 14. Ne3 Be6 15. d5
Bd7 16. c4 Nh5 17. Bd2 Nf4 18. Qc1 bxc4 19. Bxa5 Qxa5 20. Nxc4 Qc7 21. Qd2 a5
22. Rab1 Rfb8 23. Rec1 Bb5 24. Bd3 h5 25. Bf1 Bxc4 26. Rxc4 Bh6 27. Qd1 g5 28.
g3 Ng6 29. Nd2 g4 30. h3 h4 31. hxg4 hxg3 32. fxg3 Be3+ 33. Kg2 Kg7 34. Nf3 Qd7
35. Nh4 Nxh4+ 36. gxh4 Rh8 37. h5 Rag8 38. Qf3 Bf4 39. Be2 Kf8 40. Kf2 Qe7 41.
Rh1 1/2-1/2

[Event "HZ Chess Tournament 2023"]
[Site "Vlissingen, Netherlands"]
[Date "2023.08.10"]
[Round "7.34"]
[White "Gijsen, William"]
[Black "Oostvogels, Niek"]
[Result "1-0"]
[WhiteElo "2111"]
[BlackElo "1933"]
[PlyCount "99"]

1. e4 d5 2. exd5 Nf6 3. Bb5+ Nbd7 4. Nf3 a6 5. Be2 b5 6. a4 Bb7 7. d4 Nxd5 8.
axb5 axb5 9. Rxa8 Qxa8 10. O-O b4 11. c4 bxc3 12. bxc3 e6 13. c4 N5f6 14. Nc3
c6 15. Bf4 Be7 16. Qb3 Nh5 17. Bg5 Bxg5 18. Nxg5 Nf4 19. Bf3 O-O 20. Rb1 Rb8
21. Qc2 Ng6 22. h4 h6 23. Nxe6 Nxh4 24. Nf4 Nxf3+ 25. gxf3 Ba6 26. Ra1 Qb7 27.
Ne4 Qc7 28. Rxa6 Qxf4 29. Kg2 Rb6 30. Ra8+ Rb8 31. Ra6 Rb6 32. Ra7 Qf5 33. Ra8+
Rb8 34. Rxb8+ Nxb8 35. Qa4 Qg6+ 36. Kf1 Nd7 37. d5 Ne5 38. Qb3 cxd5 39. Qb8+
Kh7 40. Qxe5 dxe4 41. fxe4 Qg4 42. Qd5 Qh3+ 43. Ke1 Qc3+ 44. Ke2 f6 45. c5 Qc2+
46. Kf3 Qc3+ 47. Kg2 g5 48. c6 g4 49. Qd7+ Kh8 50. c7 1-0

[Event "HZ Chess Tournament 2023"]
[Site "Vlissingen, Netherlands"]
[Date "2023.08.10"]
[Round "7.35"]
[White "Wagenvoorde, Guido"]
[Black "Van Foreest, Nanne"]
[Result "1-0"]
[WhiteElo "2104"]
[BlackElo "1911"]
[PlyCount "45"]

1. d4 Nf6 2. c4 g6 3. Nc3 d5 4. cxd5 Nxd5 5. e4 Nxc3 6. bxc3 Bg7 7. Bc4 c5 8.
Be3 Nc6 9. Ne2 Qa5 10. O-O O-O 11. Rb1 Rd8 12. Rb5 Qc7 13. Rxc5 b6 14. Rd5 Bb7
15. Rxd8+ Rxd8 16. Bd3 Na5 17. Qa4 Rc8 18. c4 Ba6 19. Rc1 Bxc4 20. Bd2 Bxd3 21.
Rxc7 Rxc7 22. Qe8+ Bf8 23. Bh6 1-0

[Event "HZ Chess Tournament 2023"]
[Site "Vlissingen, Netherlands"]
[Date "2023.08.10"]
[Round "7.36"]
[White "Baarslag, Ed"]
[Black "Hazenberg, Frans"]
[Result "1-0"]
[WhiteElo "2086"]
[BlackElo "1891"]
[PlyCount "59"]

1. d4 Nf6 2. Bg5 e6 3. e4 h6 4. Bxf6 Qxf6 5. c3 b6 6. Bd3 Ba6 7. Ne2 Bxd3 8.
Qxd3 d5 9. e5 Qd8 10. O-O Be7 11. f4 O-O 12. f5 exf5 13. Rxf5 c5 14. Nd2 Nc6
15. Raf1 Qd7 16. Kh1 cxd4 17. cxd4 Rac8 18. a3 Na5 19. Ng3 Nc4 20. Nh5 Nxd2 21.
Qxd2 Qe6 22. Nf6+ Bxf6 23. exf6 Qe4 24. fxg7 Kxg7 25. Rf6 Qh4 26. R6f4 Qh5 27.
h3 Rc6 28. Qf2 Re6 29. Rf5 Qe2 30. Rxf7+ 1-0

[Event "HZ Chess Tournament 2023"]
[Site "Vlissingen, Netherlands"]
[Date "2023.08.10"]
[Round "7.37"]
[White "Van Gemert, Rogier"]
[Black "Emans, Job"]
[Result "1/2-1/2"]
[WhiteElo "1913"]
[BlackElo "2084"]
[PlyCount "53"]

1. d4 Nf6 2. Bf4 d5 3. e3 c5 4. dxc5 e6 5. Bxb8 Rxb8 6. b4 Bd7 7. Nf3 Ne4 8. c3
Qf6 9. Qd4 Qf5 10. Qe5 Qxe5 11. Nxe5 Ba4 12. f3 Nf6 13. Nd2 g6 14. Rc1 Bg7 15.
f4 h5 16. Be2 Rd8 17. h3 h4 18. O-O Nh5 19. Bxh5 Rxh5 20. Ndf3 Bb5 21. Rf2 a5
22. a4 Bc4 23. Rd2 Ra8 24. Nxc4 dxc4 25. Ra2 Rd5 26. Nd4 axb4 27. cxb4 1/2-1/2

[Event "HZ Chess Tournament 2023"]
[Site "Vlissingen, Netherlands"]
[Date "2023.08.10"]
[Round "7.38"]
[White "Smeets, Sjo"]
[Black "Van der Zalm, Marnix"]
[Result "0-1"]
[WhiteElo "1901"]
[BlackElo "2083"]
[PlyCount "38"]

1. e4 d6 2. d4 g6 3. Nc3 Bg7 4. f4 Nf6 5. Nf3 O-O 6. Bd3 Na6 7. h4 Bg4 8. Be3
c5 9. Bxa6 cxd4 10. Bxd4 bxa6 11. O-O e5 12. fxe5 dxe5 13. Be3 Qb8 14. Qc1 Nh5
15. Bh6 Nf4 16. Bxg7 Kxg7 17. Qe3 Bxf3 18. Qxf3 Qxb2 19. Rab1 Qxc3 0-1

[Event "HZ Chess Tournament 2023"]
[Site "Vlissingen, Netherlands"]
[Date "2023.08.10"]
[Round "7.39"]
[White "Larsen, Harald"]
[Black "Loef, Dirk"]
[Result "1/2-1/2"]
[WhiteElo "1893"]
[BlackElo "2082"]
[PlyCount "80"]

1. e4 c5 2. Nf3 Nc6 3. g3 Nf6 4. d3 g6 5. Bg2 Bg7 6. O-O O-O 7. c3 e5 8. Nbd2
b6 9. Qc2 Bb7 10. Nc4 Qc7 11. Ne3 Ne7 12. a4 d5 13. exd5 Nfxd5 14. Nc4 Rad8 15.
Re1 f6 16. Bd2 Kh8 17. Rad1 Nf5 18. Bc1 Bc6 19. h4 Qb7 20. Nfd2 Rf7 21. Ne4
Rfd7 22. h5 gxh5 23. Bh3 Nde7 24. b3 Rd5 25. Qe2 Be8 26. Qf3 Bg6 27. Bg2 R5d7
28. Qe2 Nd5 29. Bb2 h4 30. Bc1 hxg3 31. fxg3 Qc6 32. Rf1 Rf7 33. Bh3 Nfe7 34.
Bb2 Rdf8 35. Bg2 Qc7 36. Qf2 Bh6 37. Bc1 Bg7 38. Bb2 Bh6 39. Bc1 Bg7 40. Bb2
Bh6 1/2-1/2

[Event "HZ Chess Tournament 2023"]
[Site "Vlissingen, Netherlands"]
[Date "2023.08.10"]
[Round "7.40"]
[White "Van Houtte, Randy"]
[Black "Van Roestel, Jan"]
[Result "1-0"]
[WhiteElo "2079"]
[BlackElo "1846"]
[PlyCount "97"]

1. c4 e5 2. Nc3 Nc6 3. g3 Bc5 4. e3 f5 5. Nge2 Bb6 6. d4 d6 7. Bg2 Nf6 8. a3
O-O 9. b4 a6 10. Bb2 e4 11. Qb3 Kh8 12. Nf4 Ne7 13. O-O c6 14. c5 Bc7 15. d5
dxc5 16. dxc6 bxc6 17. Rfd1 Qe8 18. bxc5 Rb8 19. Qc2 Be5 20. Rab1 a5 21. Bf1 g5
22. Nh3 Qh5 23. Kh1 f4 24. Nxe4 Rxb2 25. Rxb2 Bxh3 26. Bxh3 Qxh3 27. Nxg5 Qh5
28. Rb7 fxg3 29. f4 Ng4 30. Qxh7+ Qxh7 31. Nxh7 Nf2+ 32. Kg2 Nxd1 33. Nxf8 Bg7
34. Rxe7 Bxf8 35. Re8 Kg7 36. hxg3 Bxc5 37. Kf3 Bxa3 38. Ra8 Bb4 39. Ra7+ Kf6
40. Ra6 Nc3 41. Rxc6+ Kf7 42. Ra6 Nb5 43. g4 Nd6 44. e4 Nc8 45. g5 Ne7 46. f5
Bc3 47. Kg4 Ng8 48. Ra7+ Kf8 49. f6 1-0

[Event "HZ Chess Tournament 2023"]
[Site "Vlissingen, Netherlands"]
[Date "2023.08.10"]
[Round "7.41"]
[White "Lacrosse, Marc"]
[Black "Lucas, Fred"]
[Result "1-0"]
[WhiteElo "2063"]
[BlackElo "1805"]
[PlyCount "63"]

1. d4 Nf6 2. c4 g6 3. Nc3 d5 4. cxd5 Nxd5 5. e4 Nxc3 6. bxc3 Bg7 7. Be3 c5 8.
Rc1 Qa5 9. Qd2 O-O 10. Nf3 Rd8 11. d5 e6 12. Bg5 f6 13. Be3 f5 14. Bc4 b5 15.
dxe6 bxc4 16. e7 Re8 17. Qd5+ Kh8 18. Qxa8 Qb6 19. Qd5 Bb7 20. Qxc5 Qxc5 21.
Bxc5 Bxe4 22. O-O Nc6 23. Ng5 Bd3 24. Rfe1 Bf6 25. Nf7+ Kg8 26. Nd6 Rxe7 27.
Rxe7 Nxe7 28. Bd4 Bg5 29. Re1 h5 30. f4 Bxf4 31. Rxe7 Bxd6 32. Rxa7 1-0

[Event "HZ Chess Tournament 2023"]
[Site "Vlissingen, Netherlands"]
[Date "2023.08.10"]
[Round "7.42"]
[White "Verrijssen, Patrick"]
[Black "Bazilius, Augustinas"]
[Result "0-1"]
[WhiteElo "1850"]
[BlackElo "2052"]
[PlyCount "72"]

1. c4 c5 2. Nc3 Nf6 3. g3 d5 4. cxd5 Nxd5 5. Bg2 Nc7 6. Nf3 Nc6 7. d3 e5 8. O-O
Be7 9. Be3 O-O 10. Rc1 Bd7 11. a4 Rc8 12. Qd2 f6 13. Qd1 Be6 14. Ne4 b6 15. h4
Qd7 16. Kh2 Na5 17. Ned2 Nd5 18. Nc4 Nxe3 19. fxe3 e4 20. Nfd2 exd3 21. exd3
Qxd3 22. Be4 Qd7 23. Nxa5 bxa5 24. Qc2 f5 25. Bf3 Qc7 26. Kg2 Bd6 27. e4 Bxg3
28. exf5 Bxh4 29. Ne4 Bxf5 30. Qc4+ Kh8 31. Nd6 Qxd6 32. Qxh4 Rf6 33. Rcd1 Rg6+
34. Kf2 Qb6 35. Rfe1 c4+ 36. Re3 Re6 0-1

[Event "HZ Chess Tournament 2023"]
[Site "Vlissingen, Netherlands"]
[Date "2023.08.10"]
[Round "7.43"]
[White "Vos de Wael, Alexander"]
[Black "Hoffman, Ron"]
[Result "1/2-1/2"]
[WhiteElo "1760"]
[BlackElo "2028"]
[PlyCount "57"]

1. d4 Nf6 2. Nc3 d5 3. Bf4 Bf5 4. e3 e6 5. Bd3 Bxd3 6. cxd3 Bd6 7. Bxd6 Qxd6 8.
f4 O-O 9. Nf3 Nbd7 10. O-O c5 11. dxc5 Nxc5 12. b4 Ncd7 13. Qb3 Rac8 14. Rac1
Qb6 15. d4 Rc4 16. a3 a5 17. Nd2 Rcc8 18. b5 Qd6 19. Na4 Rc7 20. Rc3 Rfc8 21.
Rfc1 Ne8 22. R1c2 Kf8 23. Qb2 Rxc3 24. Rxc3 Rxc3 25. Qxc3 Qc7 26. Qxc7 Nxc7 27.
b6 Nb5 28. Nb3 Nxa3 29. Nxa5 1/2-1/2

[Event "HZ Chess Tournament 2023"]
[Site "Vlissingen, Netherlands"]
[Date "2023.08.10"]
[Round "7.44"]
[White "Boulahfa, Hicham"]
[Black "Van de Breevaart, Rick"]
[Result "1/2-1/2"]
[WhiteElo "2001"]
[BlackElo "1779"]
[PlyCount "48"]

1. Nc3 d5 2. d4 Nf6 3. Bg5 e6 4. e4 dxe4 5. Nxe4 Be7 6. Bxf6 Bxf6 7. Nf3 Nd7 8.
Qd2 b6 9. Bb5 Bb7 10. Nxf6+ gxf6 11. Qc3 O-O 12. O-O-O c6 13. Bd3 Rc8 14. Qd2
f5 15. Rhg1 c5 16. dxc5 Nxc5 17. Qh6 Nxd3+ 18. Kb1 Rxc2 19. Kxc2 Nb4+ 20. Kb1
Be4+ 21. Ka1 Nc2+ 22. Kb1 Nb4+ 23. Ka1 Nc2+ 24. Kb1 Nb4+ 1/2-1/2

[Event "HZ Chess Tournament 2023"]
[Site "Vlissingen, Netherlands"]
[Date "2023.08.10"]
[Round "7.45"]
[White "Van der Werf, Joel"]
[Black "Merz, Leander"]
[Result "1-0"]
[WhiteElo "1993"]
[BlackElo "1660"]
[PlyCount "95"]

1. e4 c6 2. d4 d5 3. e5 c5 4. dxc5 Nc6 5. f4 h5 6. c3 Bf5 7. Nf3 e6 8. Be3 Nh6
9. Bb5 Be7 10. O-O Ng4 11. Bd4 Qc7 12. b4 f6 13. Re1 Kf7 14. Bd3 Bxd3 15. Qxd3
Rag8 16. Na3 a6 17. b5 Nb8 18. exf6 gxf6 19. Qe2 Qc8 20. Nc2 Bxc5 21. h3 Rh6
22. Rab1 Rh7 23. bxa6 Nxa6 24. hxg4 hxg4 25. Rxb7+ Be7 26. Ng5+ fxg5 27. Qxa6
gxf4 28. Qa7 Qf8 29. Bc5 Kf6 30. Bxe7+ Rxe7 31. Rxe7 Qxe7 32. Qxe7+ Kxe7 33.
Nd4 Rg6 34. a4 Kd6 35. Rb1 Kc5 36. Re1 Kd6 37. a5 e5 38. Nb3 e4 39. a6 Rg7 40.
Ra1 Ra7 41. Nd4 Kc5 42. Ne6+ Kc4 43. Nxf4 e3 44. Kf1 Kxc3 45. Nxd5+ Kd3 46.
Ra3+ Kd2 47. Nxe3 g3 48. Kg1 1-0